000 00443nam a2200181Ia 4500
001 5229
005 20260306145853.0
008 260306t2019||||xx |||||||||||||| ||spa||
041 _aESP
082 _a338.23
_bA83
100 _aAstucuri, Venancio,
_eAUT
245 0 _aIntroducción a minería y desarrollo sostenible
260 _c2019
300 _a254 páginas :
_c21 cm.
650 _aGEN
654 _aCAN
942 _cLIB
_dJUS
_fJUS
_2ddc
_n
999 _c5229
_d5229